| 000 | 00454nam a2200145Ia 4500 | ||
|---|---|---|---|
| 008 | 170224s9999 xx 000 0 und d | ||
| 100 | _aElaine L. Ritch | ||
| 245 | _aEveryday dramas of conscience: navigating identity through creative neutralisations | ||
| 245 | _cElaine L. Ritch & Douglas Brownlie | ||
| 260 | _bJournal of Marketing Management | ||
| 260 | _c2016 | ||
| 300 | _a32:9-10,Pages: 1012-1032 | ||
| 500 | _aAugust | ||
| 650 | _xMarketing. | ||
| 999 |
_c315937 _d315937 |
||